000 00441nam a2200133Ia 4500
008 170419s9999 xx 000 0 und d
100 _aSchmidt, Nola A.
245 _aService learning in undergraduate nursing education: strategies to facilitate meaningful reflection
245 _cNola A. Schmidt & Janet M. Brown
260 _bElsevier
260 _c2016
300 _aMarch/April 2016
440 _aJournal of Profesional Nursing
_v32:2
999 _c329509
_d329509